00493nam a2200145Ia 4500008004100000041000800041082001500049100002000064245004900084260003200133300003200165365001100197999001700208952012200225240624s9999 xx 000 0 und d aeng a658.15 CHE aCHEVERTON PETER aKEY ACCOUNT MANAGEMENT IN FINANCIAL SERVICES c2010aNew DelhibKogan Page axiii, : 329 : p. : cm. ; 24 cRSb33 c22999d22999 00104070aIMTNbIMTNcRack 23-Ad2014-09-25eIBHg695.00o658.15 CHEp22999r2024-06-24 00:00:00t1w2024-06-24yBK